Saltanat e Usmania : (Record no. 591463)

000 -LEADER
fixed length control field 00357nam a22001337a 4500
003 - CONTROL NUMBER IDENTIFIER
control field NUST
005 - DATE AND TIME OF LATEST TRANSACTION
control field 20220930123250.0
020 ## - INTERNATIONAL STANDARD BOOK NUMBER
International Standard Book Number 9789696521020
082 ## - DEWEY DECIMAL CLASSIFICATION NUMBER
Classification number 297.55,AZI
100 ## - MAIN ENTRY--PERSONAL NAME
Personal name Aziz, Muhammad
9 (RLIN) 99078
245 ## - TITLE STATEMENT
Title Saltanat e Usmania :
Remainder of title Urooj o Zawal Ki Mukammal Tareekh /
Statement of responsibility, etc. Dr Muhammad Aziz
260 ## - PUBLICATION, DISTRIBUTION, ETC.
Place of publication, distribution, etc. Jumhoori Pub
Name of publisher, distributor, etc. Lahor
Date of publication, distribution, etc. 2017
942 ## - ADDED ENTRY ELEMENTS (KOHA)
Source of classification or shelving scheme
Koha item type Book
Holdings
Withdrawn status Lost status Source of classification or shelving scheme Damaged status Not for loan Permanent Location Current Location Shelving location Date acquired Total Checkouts Full call number Barcode Date last seen Date last checked out Price effective from Koha item type Public note
          Military College of Signals (MCS) Military College of Signals (MCS) General Stacks 09/30/2022 2 297.55,AZI MCS38258 08/15/2024 11/16/2023 09/30/2022 Book Almirha No 64, Shelf No 2
© 2023 Central Library, National University of Sciences and Technology. All Rights Reserved.